Η δομή των επιστημονικών επαναστάσεων

Αποθηκεύτηκε σε:
Λεπτομέρειες βιβλιογραφικής εγγραφής
Κύριος συγγραφέας: Kuhn, Thomas S. (Thomas Samuel), 1922-1996
Άλλοι συγγραφείς: Κάλφας, Βασίλης, 1953- (Επιμελητής έκδοσης, Μεταφραστής)
Μορφή: Βιβλίο
Γλώσσα:Greek
English
Δημοσίευση: Αθήνα : Σύγχρονα Θέματα, [1981].
Σειρά:Προβλήματα μεθόδου και εξέλιξης της επιστήμης
Θέματα:
Ετικέτες: Προσθήκη ετικέτας
Δεν υπάρχουν, Καταχωρήστε ετικέτα πρώτοι!

MARC

LEADER 00000cam a2200000 i 4500
001 1/13065
008 000209s1981 gr | ||| |||| ||gre||
035 |l 10064466 
035 |a 1997  |c Γραμματεία Μυτιλήνης  |l 10041241 
035 |l 10028303 
035 |l 10012748 
035 |a 1995  |l 10041207 
035 |l 10030900 
040 |a GR-MyUa  |b gre  |e AACR 
041 1 |a gre  |h eng 
082 7 |a 501   |2 (22)  
100 1 |a Kuhn, Thomas S.   |q (Thomas Samuel),   |d 1922-1996. 
245 1 2 |a Η δομή των επιστημονικών επαναστάσεων /   |c Thomas S. Kuhn ; εισαγωγή, επιμέλεια: Β. Κάλφας ; μετάφραση: Γ. Γεωργακόπουλος, Β. Κάλφας.  
260 |a Αθήνα :   |b Σύγχρονα Θέματα,   |c [1981].  
300 |a 257 σ. ;   |c 23 εκ.  
490 1 |a (Προβλήματα μεθόδου και εξέλιξης της επιστήμης) 
500 |a Το Παράρτημα Σάμου διαθέτει την 7η έκδ. 
500 |a Το Παράρτημα Σύρου διαθέτει την 8η έκδ.  
500 |a Το Παράρτημα Λήμνου διαθέτει την 6η έκδ. 
500 |a Το Παράρτημα Ρόδου διαθέτει την 6η, 7η και 11η έκδ. 
504 |a Περιλαμβάνει βιβλιογραφικές αναφορές.  
650 0 |a Science  |x Philosophy. 
650 0 |a Science  |x History. 
650 0 0 |a Knowledge, Theory of. 
700 1 |a Κάλφας, Βασίλης,   |d 1953-  |e edt  |e trl 
765 0 8 |i Μετάφραση του:   |t The structure of scientific revolutions /  
830 0 |a Προβλήματα μεθόδου και εξέλιξης της επιστήμης 
852 |a INST  |b CHIOS  |e 19960301  |h 501 KUH  |p 005200000790  |q 005200000790  |t BK  |y 0 
852 |a INST  |b CHIOS  |e 19980113  |h 501 KUH  |p 005200010139  |q 005200010139  |t BK  |y 0 
852 |a INST  |b CHIOS  |e 19971120  |h 501 KUH  |p 005200010356  |q 005200010356  |t BK  |y 0 
852 |a INST  |b LEMNOS  |e 20190624  |h 501 KUH  |p 005600002200  |q 005600002200  |t BK  |y 0 
852 |a INST  |b LESVOS  |e 19950512  |h 501 KUH  |p 005100006154  |q 005100006154  |t BK  |y 0 
852 |a INST  |b LESVOS  |e 20141104  |h 501 KUH  |p 005100054995  |q 005100054995  |t BK  |y 0 
852 |a INST  |b RHODES  |e 19980525  |h 501 KUH  |p 005400006565  |q 005400006565  |t BK  |y 12 
852 |a INST  |b RHODES  |e 20000209  |h 501 KUH  |p 005400014045  |q 005400014045  |t BK  |y 0 
852 |a INST  |b RHODES  |e 19991110  |h 501 KUH  |p 005400015091  |q 005400015091  |t BK  |y 0 
852 |a INST  |b RHODES  |c EUDOXUS  |e 20150609  |h 501 KUH  |p 005400037732  |q 005400037732  |t EDX  |y 0 
852 |a INST  |b SAMOS  |e 19950213  |h 501 KUH  |p 005300006246  |q 005300006246  |t BK  |y 0 
852 |a INST  |b SAMOS  |e 19971114  |h 501 KUH  |p 005300008582  |q 005300008582  |t BK  |y 0 
852 |a INST  |b SYROS  |e 20001107  |h 501 KUH  |p 005500002180  |q 005500002180  |t BK  |y 0 
901 |a BIBL5-2000-3 
901 |a BIBL-1997-2 
901 |a BIBL1-2014-3 
901 |a BIBL-1998-2 
920 |a Εύδοξος  |b Παραγγελία  |y Ρόδος-ΤΕΠΑΕΣ  |z 2015-04 
922 |a 5ΕΛΗ  |b 200007  |c Βιβλιοθήκη  |d Παπασωτηρίου 
922 |b 200002  |c ΔΩΡΕΑ 
922 |a 2ΕΛΗ  |b 199712  |c ΣΕΡΕΜΕΤΗΣ  |d EMVASIS 
922 |a 4ΕΛΗ  |b 199801  |c ΚΠΣ/ΔΕ  |d EMVASIS 
950 |a 183-2000-07-05 
970 |a Πουρνάρας  |b Δημήτρης  |z 27/11/2000